Famous Personalities of world/ (Record no. 173531)

MARC details
000 -LEADER
fixed length control field 00540nam a22001817a 4500
005 - DATE AND TIME OF LATEST TRANSACTION
control field 20200608152753.0
010 ## - LCCN (DPL NO)
LC control number ENG-127843
020 ## - INTERNATIONAL STANDARD BOOK NUMBER
International Standard Book Number 9789383554072
Terms of availability 400.00
035 ## - SYSTEM CONTROL NUMBER
System control number EN-111375
037 ## - SOURCE OF ACQUISITION
Source of stock number/acquisition DBAD/PUB
082 ## - DEWEY DECIMAL CLASSIFICATION NUMBER
Classification number 920
100 ## - MAIN ENTRY--PERSONAL NAME
Personal name Verma,R.M
245 ## - TITLE STATEMENT
Title Famous Personalities of world/
Statement of responsibility, etc by R.M.Varma
260 ## - PUBLICATION, DISTRIBUTION, ETC. (IMPRINT)
Place of publication, distribution, etc New Delhi
Name of publisher, distributor, etc Laxmi Book House
Date of publication, distribution, etc 2018
270 ## - ADDRESS
Address 528/2-K/,1st floor,plot no.15 gali no.5.Vishwas Nagar Shahdara
City Delhi
Postal code 110032
300 ## - PHYSICAL DESCRIPTION
Extent 135p.
Dimensions 23cm(hb)
942 ## - ADDED ENTRY ELEMENTS (KOHA)
Source of classification or shelving scheme Dewey Decimal Classification
Item type English Books
Classification part 920
Call number suffix VAR
Holdings
Withdrawn status Lost status Not for loan Collection code Home library Current library Date acquired Source of acquisition Cost, normal purchase price Full call number Barcode Copy number Cost, replacement price Koha item type
    Not For Loan Non-fiction Central Library Central Library 02/03/2020 DBAD/PUB 900.00 920 EN-111375 1 400.00 English Books

© Delhi Public Library
Hit Counter
free hit counter